Els fons NextGenerationEU i els ens locals a la província de Barcelona : dades de context i execució de projectes. Juny 2025 dades de context i execució de projectes. Juny 2025

Publicado: Barcelona : Diputació de Barcelona , 2025
Descripción Física: 59 pàgines : il·lustracions en color, taules, gràfics ; 30 cm
Idioma: Catalán

MARC

LEADER 00000nam a22000007a 4500
001 29305
003 AGDB
005 20260324181546.0
008 260202b spa||||| |||| 00| 0 cat d
017 |a B 14015-2025 
040 |a agdb  |b cat 
041 |a cat 
245 |a Els fons NextGenerationEU i els ens locals a la província de Barcelona :   |b dades de context i execució de projectes. Juny 2025 
250 |a Primera edició:   |b octubre de 2024 
260 |a Barcelona :   |b Diputació de Barcelona,   |c 2025 
300 |a 59 pàgines :   |b il·lustracions en color, taules, gràfics ;   |c 30 cm 
650 0 |a Administració local  |x Finançament  |z Unió Europea  |9 17602 
650 0 |a Administració local  |z Unió Europea  |9 44839 
650 0 |a Administració local  |x Unió Europea, Països de la  |2 Arxiu  |9 39546 
710 |a Barcelona (Catalunya : Província).  |b Àrea de Presidència  |9 52558 
710 |a Barcelona (Catalunya : Província).  |b Coordinació de Cooperació i Assistència Local  |9 70605 
942 |2 udc  |c ARXIU  |n 1 
952 |0 0  |1 0  |2 udc  |4 0  |6 BIB1432  |7 1  |9 99045  |a Arxiu  |b Arxiu  |d 2026-02-02  |l 0  |o Bib-1432  |p 29305  |r 2026-02-02 12:36:44  |w 2026-02-02  |y ARXIU 
999 |c 130701  |d 130701